000094587 001__ 94587 000094587 005__ 20180808174511.0 000094587 020__ $$a978-3-86875-000-3 000094587 0247_ $$2HSB$$a910018194 000094587 037__ $$aRWTH-CONV-105779 000094587 041__ $$aEnglish 000094587 1001_ $$0P:(DE-82)020141$$aGebel, Joachim$$b0$$eAuthor 000094587 245__ $$aAn engineer's guide to desalination$$cJoachim Gebel and Süleyman Yüce$$hprint 000094587 260__ $$aEssen$$bVGB PowerTech Service$$c2008 000094587 300__ $$aXIII, 506 S. : zahlr. Ill. und graph. Darst., Kt. 000094587 3367_ $$0PUB:(DE-HGF)3$$2PUB:(DE-HGF)$$aBook$$bbook$$mbook 000094587 3367_ $$2DRIVER$$abook 000094587 3367_ $$01$$2EndNote$$aBook 000094587 3367_ $$2DataCite$$aOutput Types/Book 000094587 3367_ $$2ORCID$$aBOOK 000094587 3367_ $$2BibTeX$$aBOOK 000094587 500__ $$aAuch angekündigt u.d.T.: An engineer's guide to seawater desalination 000094587 7001_ $$0P:(DE-82)014195$$aYüce, Süleyman$$b1$$eAuthor 000094587 909CO $$ooai:publications.rwth-aachen.de:94587$$pVDB 000094587 9201_ $$0I:(DE-82)416110_20140620$$k416110$$lLehrstuhl für Chemische Verfahrenstechnik und Institut für Verfahrenstechnik$$x0 000094587 961__ $$c2013-11-21$$x2010-03-15$$z2012-02-20 000094587 970__ $$ahsb910018194 000094587 980__ $$abook 000094587 980__ $$aI:(DE-82)416110_20140620 000094587 980__ $$aVDB 000094587 980__ $$aUNRESTRICTED 000094587 980__ $$aConvertedRecord